000 01522nam a2200373 i 4500
001 190653
003 ES-MaACL
005 20240129133234.0
008 220311s2021 sp a 001 0 spa
020 _a978-84-376-4225-3
080 _a351.852/.855(460)"1939/75"
080 _a351.852/.855(460)"1936/39"
080 _a355.226(460)"1936/39"
080 _a7.025.1(460)"1936/39"
080 _a351.85(460)"1939/75"
100 1 _aColorado Castellary, Arturo.
_939892
245 1 0 _aArte, botín de guerra :
_bexpolio y diáspora en la posguerra franquista /
_cArturo Colorado Castellary.
250 _a1ª ed.
260 _aMadrid :
_bCátedra,
_c2021.
300 _a344 p. :
_bil. ;
_c24 cm.
490 1 _aArte grandes temas
500 _aÍndice.
504 _aBibliografía: p. 309-323.
505 8 _aContiene: Primera parte: El patrimonio artístico durante la guerra civil ; Segunda parte: La política franquista sobre el patrimonio en la inmediata posguerra
650 4 _aPatrimonio cultural-
_zEspaña.
_915891
650 4 _aPatrimonio cultural-
_xProtección-
_zEspaña-
_y1936-1939.
_9138522
651 4 _aEspaña-
_xHistoria-
_y1936-1939, Guerra civil-
_xConfiscaciones.
_9174306
651 4 _aEspaña-
_xHistoria-
_y1936-1939, Guerra civil-
_xDestrucciones y saqueos.
_98303
651 4 _aEspaña-
_xPolítica cultural-
_y1939-1975.
_98401
830 1 _aArte grandes temas
_9179203
852 4 _aES-MaACL
_jA-14924
_9197833
_bR.153015
_cDEPO1
_dOlim: N-7924
942 _2udc
999 _c190653
_d190653